Statistics for Movies by Letter - T

Click here to take the quiz!

General Stats

  • This quiz has been taken 35 times
  • The average score is 12 of 25

Answer Stats

HintAnswer% Correct
Jack and Rose versus a 100-foot icebergTitanic
97%
Five-film series about vampires in loveTwilight
93%
Famous cat and mouse antagonistsTom and Jerry
90%
Pulp Fiction and Reservoir Dogs directorQuentin Tarantino
86%
Three films that tell a continuous storytrilogy
83%
Base to hold the camera steadytripod
79%
Heroes in a half shellTeenage Mutant Ninja Turtles
72%
Star of National Velvet, Cleopatra, and Who's Afraid of Virginia Woolf?Elizabeth Taylor
66%
Kenneth Branagh's contribution to the Marvel Cinematic UniverseThor
62%
Jeff Bridges gets trapped inside a video game, with pioneering computer animationTron
62%
African nation used for several Star Wars shooting locationsTunisia
62%
Tom Hanks puts a dog into witness protectionTurner and Hooch
55%
Desert planet that the above stood in forTatooine
48%
Film festival founded in part in response to the September 11, 2001 attackTribeca Film Festival
48%
Siskel and Ebert's most feared and revered body partthumb
41%
Three-strip process that colored films like The Wizard of OzTechnicolor
34%
New Wave director of The 400 Blows and The Story of Adele H.Francois Truffaut
31%
John Carpenter treatment of a Howard Hawks/Christian Nyby polar horror filmThe Thing
31%
French comic who played Mr. Hulot in Mon Oncle, Play Time, and TraficJacques Tati
28%
Director of Andrei Rublev, Solaris, The Mirror, and StalkerAndrei Tarkovsky
24%
Early Georges Méliès space travel filmA Trip to the Moon
14%
Creature feature about giant antsThem!
14%
Audio/visual technology company named after George Lucas's second featureTHX
14%
Nazi documentary about their 1934 Nuremberg rallyTriumph of the Will
14%
Czech animator of The Hand, The Emperor's Nightingale, and A Midsummer Night's DreamJiri Trnka
0%

Score Distribution

Percentile by Number Answered

Percent of People with Each Score

Your Score History

You have not taken this quiz